000 00656nam a2200205 a 4500
001 20355
003 CO-ViMGA
008 141112s2004 ck r 000 u spa d
020 _a8440696183
040 _aCO-ViMGA
_bspa
_cCO-ViMGA
082 0 4 _aGABl
100 1 _aGabán, Jesús
_929394
245 1 0 _aEl libro de los cuentos y leyendas de América Latina y España
260 _aBarcelona :
_bEdicionesB,
_c2000
300 _a110p
590 _aForma de adquisición : Premio Min Cultura - - Precio : 24700 - - Fecha de adquisición : Febrero 2005
650 1 4 _aCUENTOS ESPAÑOLES
_95885
650 1 4 _aCUENTOS LATINOAméricaNOS
_919391
942 _2ddc
_cBK
999 _c29363
_d29363